000
00300nam a22001337a 4500
999
_c
13637
_d
13637
020
_a
0 00 715277 9
082
_a
823.92
_b
KHA
100
_a
Uzma Aslam Khan
245
_a
Trespassing
260
_a
London
_b
Flamingp
_c
2003
300
_a
Viii, 448 Pages
650
_a
Novel, English Novel
942
_c
BK